Districts of Oxfordshire - Statistics

General Stats
  • This quiz has been taken 36 times
  • The average score is 3 of 5
Answer Stats
status Answer % Correct
City City of Oxford
100%
District West Oxfordshire
58%
District Cherwell
55%
District South Oxfordshire
55%
District Vale of White Horse
39%
No matching quizzes found
Score Distribution
Percent of People with Each Score
Percentile by Number Answered
Your Score History
You have not taken this quiz